[Event "Druzynowe Mistrzostwa Polski Juniorow - I Liga"]
[Site "Ustron"]
[Date "2011-06-25"]
[Round "1.1"]
[White "Adamowicz, Maciej"]
[Black "Blaszkiewicz, Mateusz"]
[Result "0-1"]
[WhiteTitle "I+"]
[BlackTitle "I"]
[WhiteElo "1991"]
[BlackElo "1901"]

1. e4 c5 2. Nf3 g6 3. d4 Bg7 4. c4 cxd4 5. Nxd4 Nc6 6. Be3 Nf6 7. Nc3 d6 8. Be2
O-O 9. O-O a5 10. b3 Bd7 11. Nc2 Ng4 12. Bd2 h5 13. Rc1 Nb4 14. Nd5 Nxa2 15. Ra1
Bxa1 16. Qxa1 Nb4 17. Bxg4 Nxc2 18. Qb2 Bxg4 19. Bh6 e5 20. Bxf8 Kxf8 21. Qxc2
Be6 22. Nc3 Qb6 23. Rd1 Rd8 24. Rd2 Bd7 25. Qd1 Qb4 26. Nd5 Qc5 27. Rd3 Kg7 28.
Qd2 Bc6 29. Qg5 Rf8 30. Qf6+ Kh7 31. Qe7 Qa3 32. g4 Bxd5 33. Rxd5 Qc1+ 34. Kg2
Kg7 35. Rxd6 Qf4 36. g5 Qxe4+ 37. Kg1 Qe1+ 38. Kg2 Qe4+ 39. Kg1 Qb1+ 40. Kg2 Qe4+
41. Kg1 Qg4+ 42. Kf1 Qh3+ 43. Kg1 Qxb3 44. Qxe5+ Kg8 45. Qe4 Qc3 46. Kg2 a4 47.
Rd3 Qb4 48. Qd5 a3 49. c5 Ra8 50. Rf3 Qg4+ 51. Kf1 Qxf3 0-1

[Event "Druzynowe Mistrzostwa Polski Juniorow - I Liga"]
[Site "Ustron"]
[Date "2011-06-25"]
[Round "1.2"]
[White "Chomski, Maciej"]
[Black "Gabryjalowicz, Jakub"]
[Result "1/2-1/2"]
[WhiteTitle "I"]
[BlackTitle "I"]
[WhiteElo "1842"]
[BlackElo "1749"]

1. e4 e5 2. Nf3 Nc6 3. Bb5 a6 4. Ba4 Nf6 5. O-O b5 6. Bb3 Bc5 7. Re1 O-O 8. c3
d6 9. h3 h6 10. d4 Bb6 11. a4 Rb8 12. Bc2 Bb7 13. d5 Ne7 14. Bd3 Bc8 15. axb5
axb5 16. Na3 Bd7 17. Qe2 Ng6 18. Bxb5 Bxb5 19. Nxb5 Nh5 20. Na3 Nhf4 21. Qf1 Qf6
22. Nh2 h5 23. Nc4 h4 24. Nxb6 Rxb6 25. g3 Nh5 26. Kg2 Rfb8 27. Qe2 hxg3 28. fxg3
Rxb2 29. Bxb2 Nhf4+ 30. gxf4 Nxf4+ 31. Kh1 Nxe2 32. Rxe2 Qh6 33. Kg2 Qg6+ 34.
Ng4 Qg5 35. Rf1 Kf8 36. Ref2 Ke8 37. Bc1 Qg6 38. Rxf7 Qxf7 39. Rxf7 Kxf7 40. Ba3
Rb1 41. Bb4 Ke8 42. h4 Re1 43. Nf2 Kd7 44. Kf3 c5 45. dxc6+ Kxc6 46. Ba5 Ra1 47.
Bb4 Re1 48. Nh3 Rh1 49. Kg2 Re1 50. Ng5 Kd7 51. Kf3 Rh1 52. Kg4 Ke7 53. Nf3 Ke6
54. Kh5 Rf1 55. Ng5+ Kf6 56. Nh7+ Ke6 57. Kg6 Rh1 58. h5 Rg1+ 59. Ng5+ Kd7 60.
Kxg7 1/2-1/2

[Event "Druzynowe Mistrzostwa Polski Juniorow - I Liga"]
[Site "Ustron"]
[Date "2011-06-25"]
[Round "1.3"]
[White "Kowalski, Maciej"]
[Black "Swiderski, Radoslaw"]
[Result "1/2-1/2"]
[WhiteTitle "II+"]
[BlackTitle "II+"]
[WhiteElo "1720"]
[BlackElo "1817"]

1. d4 Nf6 2. c4 g6 3. Nc3 Bg7 4. Nf3 O-O 5. g3 d6 6. Bg2 Nbd7 7. O-O e5 8. b3 Re8
9. Qc2 Ng4 10. Rd1 exd4 11. Nxd4 Qf6 12. e3 c6 13. Bb2 Qe7 14. b4 Nb6 15. Nce2
Qf6 16. Nc3 Nxc4 17. Ne4 Qe7 18. Qxc4 d5 19. Qc2 dxe4 20. b5 cxb5 21. Nxb5 Bxb2
22. Qxb2 Ne5 23. Nd6 Nd3 24. Rxd3 exd3 25. Nxe8 Qxe8 26. Rd1 Bf5 27. Qxb7 Rd8
28. Bd5 Rd7 29. Qc6 Qe5 30. Rxd3 Qa1+ 31. Kg2 Bxd3 32. Qxd7 Qf1+ 33. Kf3 Qe2+
34. Kg2 Qf1+ 35. Kf3 Be2+ 36. Ke4 Qxf2 37. Qxa7 Qf5+ 38. Kd4 Qd3+ 39. Ke5 Qf5+
40. Kd6 Qf6+ 41. Kc5 Qc3+ 42. Kd6 Qf6+ 43. Kc5 Qc3+ 44. Kd6 Qb4+ 45. Ke5 Qc3+
46. Kd6 Qf6+ 47. Kc5 Qc3+ 48. Kd6 Qf6+ 49. Kc5 Qc3+ 50. Kd6 Qf6+ 1/2-1/2

[Event "Druzynowe Mistrzostwa Polski Juniorow - I Liga"]
[Site "Ustron"]
[Date "2011-06-25"]
[Round "1.4"]
[White "Witczak, Jakub"]
[Black "Wacior, Maciej"]
[Result "0-1"]
[WhiteTitle "II"]
[BlackTitle "II"]
[WhiteElo "1579"]
[BlackElo "1668"]

1. e4 c6 2. d4 d5 3. exd5 cxd5 4. Bd3 Nc6 5. c3 Nf6 6. Bf4 e6 7. Nf3 Bd6 8. Bxd6
Qxd6 9. O-O O-O 10. Nbd2 a6 11. a4 Bd7 12. b4 Rfc8 13. Re1 Na7 14. Rc1 Qc6 15.
a5 Qd6 16. Nb3 Bb5 17. Nc5 Rc7 18. Ne5 Rac8 19. Bb1 Nc6 20. Re3 h6 21. f4 Kh8
22. g4 Ng8 23. g5 Nxe5 24. Rxe5 Re8 25. Qc2 g6 26. gxh6 Nxh6 27. Qg2 f6 28. Ree1
Qxf4 29. Nxe6 Rxe6 30. Kh1 Rxe1+ 31. Rxe1 Rxc3 32. Qxg6 Qf3+ 33. Kg1 Qg4+ 34.
Qxg4 Nxg4 35. Kg2 Rb3 36. Rc1 Ne3+ 37. Kg3 Nc4+ 38. Kg4 Rxb4 39. h4 Bd7+ 40. Kh5
Rb2 41. Rg1 Ne3 42. Kh6 Rh2 43. h5 Bf5 44. Bxf5 Nxf5+ 45. Kg6 Nxd4 46. Kh6 Re2
47. Rc1 Nc6 48. Kg6 d4 49. Rb1 Nxa5 50. Rc1 Nc6 51. Rb1 Re7 52. h6 d3 53. Rf1
d2 54. Rd1 Re2 55. Kxf6 Nd4 56. Kg6 Nf3 57. Rf1 Re1 58. Rxf3 Rg1+ 59. Kh5 d1=Q
0-1

[Event "Druzynowe Mistrzostwa Polski Juniorow - I Liga"]
[Site "Ustron"]
[Date "2011-06-25"]
[Round "1.5"]
[White "Przybylska, Agata"]
[Black "Delekta, Anna"]
[Result "1-0"]
[WhiteTitle "II"]
[BlackTitle "I"]
[WhiteElo "1604"]
[BlackElo "1699"]

1. e4 c5 2. Nf3 Nc6 3. d4 cxd4 4. Nxd4 Nf6 5. Nc3 e6 6. Be3 Bb4 7. Qd3 Qa5 8. Bd2
d5 9. Nb3 Qd8 10. exd5 exd5 11. O-O-O O-O 12. a3 d4 13. Nb5 Bxd2+ 14. Rxd2 Re8
15. f3 Re3 16. Qxe3 dxe3 17. Rxd8+ Nxd8 18. Bc4 a6 19. Rd1 Bd7 20. Nd6 b5 21.
Bd5 Ra7 22. Be4 Nxe4 23. Nxe4 Ne6 24. Nec5 Nxc5 25. Nxc5 Be8 26. Re1 Re7 27. Nxa6
f5 28. f4 Bh5 29. Nb4 h6 30. Nd5 Re4 31. Rxe3 Rd4 32. Nc3 Rxf4 33. Re1 Rf2 34.
Rg1 f4 35. Nxb5 g5 36. b4 Bg6 37. Nd4 Be4 38. Kd1 Rxg2 39. Rxg2 Bxg2 40. Ke1 Kf7
41. c4 h5 42. Kf2 Be4 43. c5 Ke7 44. a4 h4 45. Nf3 g4 46. Nxh4 Kd7 47. Ng2 Kc6
48. Nxf4 Bc2 49. Ke3 Bxa4 50. Kd4 Bb3 51. Ne2 Bd1 52. Nc3 Bf3 53. b5+ Kc7 54.
Ke5 Kd7 55. Nd5 Be2 56. c6+ Kc8 57. b6 Bf3 58. Ne7+ 1-0

[Event "Druzynowe Mistrzostwa Polski Juniorow - I Liga"]
[Site "Ustron"]
[Date "2011-06-25"]
[Round "1.7"]
[White "Sowul, Bartosz"]
[Black "Swiech, Przemyslaw"]
[Result "0-1"]
[WhiteTitle "k"]
[BlackTitle "I++"]
[WhiteElo "2178"]
[BlackElo "2219"]

1. d4 d5 2. c4 e6 3. Nc3 Be7 4. Nf3 Nf6 5. cxd5 exd5 6. Bg5 c6 7. Qc2 g6 8. e4
dxe4 9. Bxf6 Bxf6 10. Qxe4+ Qe7 11. Bc4 O-O 12. Qxe7 Bxe7 13. O-O Bf5 14. Rfe1
Bf6 15. h3 h5 16. Ne5 Nd7 17. Ne4 Bxe5 18. dxe5 Nxe5 19. Nf6+ Kg7 20. Nxh5+ gxh5
21. Rxe5 Kf6 22. Rae1 Rad8 23. R5e3 Rd4 24. Bb3 Rd3 25. Re7 Rd7 26. Rxd7 Bxd7
27. Re4 Bf5 28. Rb4 b5 29. Rd4 Ke5 30. Rh4 Bg6 31. Kf1 Rd8 32. f4+ Kf6 33. Ke1
a5 34. Bd1 Rd5 35. g4 hxg4 36. hxg4 Rd4 37. g5+ Ke7 38. Bf3 Kd6 39. Bd1 c5 40.
Rh6 Re4+ 41. Be2 Kd5 42. Kd2 Rxf4 43. Rh8 c4 44. a4 b4 45. Rd8+ Ke5 46. Rc8 Rd4+
47. Kc1 Kd5 48. Rd8+ Ke4 49. Rc8 Ke3 50. Bxc4 Rg4 51. Re8+ Kd4 52. b3 Rxg5 53.
Kd2 Rg2+ 54. Kd1 Kc3 55. Re3+ Kb2 56. Ke1 Ka3 57. Kd1 f5 58. Ke1 Ka2 59. Kf1 Rc2
60. Be6 Rc3 61. Re5 f4 62. Rxa5 Bc2 63. Ke1 Bxb3 64. Bxb3+ Kxb3 65. Kd1 Ka2 66.
Kd2 Rc8 0-1

[Event "Druzynowe Mistrzostwa Polski Juniorow - I Liga"]
[Site "Ustron"]
[Date "2011-06-25"]
[Round "1.9"]
[White "Murawko, Katarzyna"]
[Black "Marczuk, Dominik"]
[Result "0-1"]
[WhiteTitle "I+"]
[BlackTitle "I"]
[WhiteElo "1796"]
[BlackElo "1924"]

1. e4 c5 2. Nf3 Nc6 3. d4 cxd4 4. Nxd4 Nf6 5. Nc3 e5 6. Ndb5 d6 7. f3 Be7 8. Be3
a6 9. Na3 b5 10. Nd5 Nxd5 11. Qxd5 Qc7 12. c3 Be6 13. Qd2 O-O 14. Nc2 Rfd8 15.
Qf2 Rab8 16. Be2 f5 17. O-O f4 18. Bc1 d5 19. exd5 Rxd5 20. Qe1 Bf5 21. Na3 Bxa3
22. bxa3 Na5 23. Kh1 Rc8 24. Bb2 Nc4 25. Bc1 Nb6 26. Bb2 Na4 27. c4 bxc4 28. Bc3
Nxc3 29. Qxc3 Bd3 30. Rfe1 Rcd8 31. Bd1 h6 32. Rc1 Qc5 33. h3 Qf2 34. Bc2 Kh8
35. Bxd3 cxd3 36. Rxe5 Rxe5 37. Qxe5 Qe3 38. Qc7 Re8 39. Rd1 d2 40. Rg1 Qxg1+
0-1

[Event "Druzynowe Mistrzostwa Polski Juniorow - I Liga"]
[Site "Ustron"]
[Date "2011-06-25"]
[Round "1.10"]
[White "Jajte-pachota, Maciej"]
[Black "Mockun, Dawid"]
[Result "1-0"]
[WhiteTitle "II"]
[BlackTitle "II+"]
[WhiteElo "1685"]
[BlackElo "1688"]

1. e4 c6 2. d4 d5 3. Nc3 dxe4 4. Nxe4 Bf5 5. Nc5 b6 6. Nb3 e6 7. Nf3 Qc7 8. g3
Nf6 9. Bg2 Nd5 10. O-O Be7 11. a3 O-O 12. c4 Nf6 13. Ne5 Nfd7 14. Re1 Nxe5 15.
dxe5 Nd7 16. Nd4 Nb8 17. Nxf5 exf5 18. Qf3 g6 19. b4 a6 20. Bf4 Qc8 21. b5 axb5
22. cxb5 Ra5 23. bxc6 Na6 24. Reb1 Bc5 25. Be3 Qc7 26. Bd2 Ra4 27. Qb3 Rd4 28.
Be3 Qxe5 29. Bxd4 Bxd4 30. Re1 Qf6 31. Rad1 Nc5 32. Qd5 Bc3 33. Re3 Ne6 34. Qd7
Be5 35. Rd5 Bb8 36. h3 f4 37. Red3 fxg3 38. fxg3 Bc7 39. Rd6 Bxd6 40. Rxd6 Rd8
41. Qxd8+ 1-0

[Event "Druzynowe Mistrzostwa Polski Juniorow - I Liga"]
[Site "Ustron"]
[Date "2011-06-25"]
[Round "1.11"]
[White "Ostrowska, Dominika"]
[Black "Wozniak, Mariola"]
[Result "1/2-1/2"]
[WhiteTitle "k"]
[BlackTitle "WCM"]
[WhiteElo "1936"]
[BlackElo "1788"]

1. e4 d5 2. exd5 Qxd5 3. Nc3 Qd6 4. d4 Nf6 5. Nf3 a6 6. g3 Bg4 7. Bg2 Nc6 8. Be3
O-O-O 9. O-O e5 10. dxe5 Nxe5 11. Qxd6 Bxd6 12. Nxe5 Bxe5 13. Na4 Nd5 14. Ba7
Bd7 15. Nc5 Bg4 16. c4 b6 17. cxd5 bxc5 18. Bxc5 Bxb2 19. Rab1 Be5 20. Rb4 Bf5
21. g4 Bd3 22. Rd1 a5 23. f4 axb4 24. fxe5 Bc4 25. Bxb4 Bxa2 26. d6 cxd6 27. exd6
Kd7 28. Re1 Rhe8 29. Re7+ Rxe7 30. dxe7 Rb8 31. Ba3 f6 32. Be4 Bf7 33. Bf5+ Kc6
34. Kf2 Be8 35. h4 Rb3 36. Bc1 Kd6 37. Bxh7 Kxe7 38. Be4 Rh3 39. h5 Bxh5 40. gxh5
Rxh5 41. Bg6 Rh3 42. Bf5 Rb3 43. Be3 Kf7 44. Kf3 g6 45. Be4 Rb5 46. Bd3 Ra5 47.
Bc4+ Kg7 48. Be6 g5 49. Bd7 Re5 50. Bc1 Kg6 51. Bb2 Re7 52. Bb5 Rb7 53. Bd3+ f5
54. Be5 g4+ 55. Ke3 Rb3 56. Bf4 Rb4 57. Bc2 Rc4 58. Bd3 Rc1 59. Kf2 Rc3 60. Ke3
Rb3 61. Ke2 Rb2+ 1/2-1/2

[Event "Druzynowe Mistrzostwa Polski Juniorow - I Liga"]
[Site "Ustron"]
[Date "2011-06-25"]
[Round "1.12"]
[White "Marczuk, Anna"]
[Black "Jaskiewicz, Kamila"]
[Result "0-1"]
[WhiteTitle "II+"]
[BlackTitle "I"]
[WhiteElo "1628"]
[BlackElo "1620"]

1. e4 c5 2. Nf3 e6 3. d4 cxd4 4. Nxd4 a6 5. Bd3 b5 6. O-O Qb6 7. Be3 Bc5 8. c3
Nc6 9. Nc2 Bxe3 10. Nxe3 Nf6 11. Qe2 Ne5 12. Bc2 Bb7 13. Nd2 O-O 14. Kh1 d6 15.
f4 Ned7 16. Rae1 Rad8 17. Ng4 Qc5 18. Qf3 b4 19. Nb3 Qc7 20. Nxf6+ Nxf6 21. Qh3
e5 22. f5 d5 23. exd5 Bxd5 24. Qg3 bxc3 25. Qxc3 Qxc3 26. bxc3 Rfe8 27. Na5 Bxa2
28. Ba4 Rf8 29. Rxe5 Rd2 30. Nb3 Rb2 31. Nc5 Bd5 32. Rxd5 Nxd5 33. Nxa6 Nxc3 34.
Nc5 Nxa4 35. Nxa4 Rb4 36. Nc5 Rfb8 37. Na6 Rb1 38. Kg1 Rxf1+ 39. Kxf1 Rb6 40.
Nc7 Rb2 41. Nd5 Kf8 42. h3 h6 43. Kg1 Ke8 44. Kh2 Rb3 45. Kg1 Kd7 46. Kf2 Kd6
47. Ne3 Ke5 48. g4 Ke4 49. Nc4 Rxh3 50. Nd6+ Kf4 51. Nxf7 Kxg4 52. Nd6 Rd3 53.
Ne8 Kxf5 54. Nxg7+ Kg4 55. Ne6 h5 56. Nc5 Rd2+ 57. Ke3 Ra2 58. Ne4 h4 0-1

[Event "Druzynowe Mistrzostwa Polski Juniorow - I Liga"]
[Site "Ustron"]
[Date "2011-06-25"]
[Round "1.13"]
[White "Stankiewicz, Pawel"]
[Black "Lis, Marek"]
[Result "0-1"]
[WhiteTitle "I++"]
[BlackTitle "I++"]
[WhiteElo "2096"]
[BlackElo "2116"]

1. e4 c5 2. Nf3 d6 3. d4 cxd4 4. Nxd4 Nf6 5. Nc3 a6 6. Bg5 e6 7. f4 Qc7 8. Qf3
b5 9. O-O-O b4 10. Nce2 Nbd7 11. g4 Bb7 12. Ng3 Rc8 13. Bd3 Be7 14. Kb1 Nc5 15.
Nb3 Na4 16. Rhe1 O-O 17. Qe2 h6 18. Bxf6 Bxf6 19. e5 dxe5 20. g5 e4 21. gxf6 exd3
22. Rxd3 g6 23. f5 Kh7 24. Nd4 exf5 25. Ngxf5 gxf5 26. Nxf5 Be4 27. Ne7 Bg6 28.
Qd2 Rfe8 29. Rh3 Qxc2+ 30. Qxc2 Rxc2 31. Ka1 Rxb2 0-1

[Event "Druzynowe Mistrzostwa Polski Juniorow - I Liga"]
[Site "Ustron"]
[Date "2011-06-25"]
[Round "1.14"]
[White "Lewtak, Damian"]
[Black "Lukasiewicz, Aleksander"]
[Result "1/2-1/2"]
[WhiteTitle "I+"]
[BlackTitle "I"]
[WhiteElo "2080"]
[BlackElo "1925"]

1. e4 e5 2. Nf3 Nc6 3. Bc4 Bc5 4. c3 Nf6 5. Qe2 d6 6. d3 a6 7. O-O Be6 8. Bb3 O-O
9. Rd1 Ba7 10. Be3 Ne7 11. Bxa7 Rxa7 12. Qe3 Ra8 13. Bxe6 fxe6 14. Ng5 Qd7 15.
Qh3 h6 16. Nxe6 Rf7 17. Rf1 Ng6 18. f4 exf4 19. Nxf4 Nxf4 20. Rxf4 Qxh3 21. gxh3
Raf8 22. Nd2 Nh5 23. Rxf7 Rxf7 24. Re1 Nf4 25. Re3 Rf6 26. Rf3 Ne2+ 27. Kf2 Nf4
28. Ke3 g5 29. d4 Kf7 30. Nc4 Ng2+ 31. Ke2 Nf4+ 32. Kd2 Ne6 33. Ne3 1/2-1/2

[Event "Druzynowe Mistrzostwa Polski Juniorow - I Liga"]
[Site "Ustron"]
[Date "2011-06-25"]
[Round "1.15"]
[White "Grela, Kacper"]
[Black "Lewtak, Dominik"]
[Result "1-0"]
[WhiteTitle "II"]
[BlackTitle "II+"]
[WhiteElo "1728"]
[BlackElo "1723"]

1. e4 e5 2. Nf3 Nf6 3. Nxe5 d6 4. Nf3 Nxe4 5. Be2 Nc6 6. O-O Be7 7. d3 Nf6 8. c4
d5 9. cxd5 Nxd5 10. Nc3 Be6 11. Ne4 O-O 12. b3 Bf5 13. Bb2 Re8 14. Ng3 Bg6 15.
d4 Bf6 16. Bb5 Nde7 17. h4 a6 18. Bc4 Nd5 19. h5 Be4 20. Nxe4 Rxe4 21. Qd3 Re7
22. Qf5 Ncb4 23. Ba3 Rd7 24. Ne5 Bxe5 25. dxe5 c5 26. Rad1 g6 27. hxg6 hxg6 28.
Qe4 b5 29. e6 Rd6 30. exf7+ Kxf7 31. Bxb4 bxc4 32. Bxc5 Rd7 33. bxc4 Nf6 34. Rxd7+
Nxd7 35. Qd5+ Kg7 36. Rd1 Rc8 37. Qxd7+ Qxd7 38. Rxd7+ Kf6 39. Rd6+ Ke5 40. Rd5+
Ke6 41. g4 Rc6 42. f4 Rc7 43. f5+ gxf5 44. gxf5+ Kf7 45. Kf2 a5 46. Ke3 a4 47.
a3 Rc6 48. Kd4 Rc7 49. Rd6 Ke8 50. Ra6 Rf7 51. f6 Rd7+ 52. Ke5 Kf7 53. Ra7 Rxa7
54. Bxa7 Ke8 55. c5 1-0

[Event "Druzynowe Mistrzostwa Polski Juniorow - I Liga"]
[Site "Ustron"]
[Date "2011-06-25"]
[Round "1.16"]
[White "Szeglowski, Tomasz"]
[Black "Nowakowski, Artur"]
[Result "1/2-1/2"]
[WhiteTitle "II+"]
[BlackTitle "II"]
[WhiteElo "1673"]
[BlackElo "1631"]

1. c4 e5 2. Nc3 d6 3. g3 g6 4. d4 Nc6 5. Nf3 Bg7 6. dxe5 Nxe5 7. Nxe5 Bxe5 8. Bg2
Ne7 9. O-O Nc6 10. Bh6 Be6 11. Nd5 Ne7 12. f4 Bxb2 13. Rb1 Bxd5 14. Bxd5 Bc3 15.
Bxb7 Nf5 16. Qa4+ Ke7 17. Bg5+ f6 18. Qa3 fxg5 19. Bxa8 Qxa8 20. fxg5 1/2-1/2

[Event "Druzynowe Mistrzostwa Polski Juniorow - I Liga"]
[Site "Ustron"]
[Date "2011-06-25"]
[Round "1.17"]
[White "Grochocinska, Urszula"]
[Black "Cyboran, Katarzyna"]
[Result "1-0"]
[WhiteTitle "I+"]
[BlackTitle "I++"]
[WhiteElo "1790"]
[BlackElo "1806"]

1. e4 e6 2. d4 d5 3. Nd2 Nf6 4. e5 Nfd7 5. Ngf3 c5 6. c3 Nc6 7. Nb3 cxd4 8. cxd4
f6 9. exf6 Nxf6 10. Bg5 Bb4+ 11. Nbd2 O-O 12. a3 Bd6 13. Bd3 e5 14. dxe5 Nxe5
15. Nxe5 Bxe5 16. Qc2 Qe8 17. O-O Bxh2+ 18. Kxh2 Qh5+ 19. Kg1 Ng4 20. Qc7 Qxg5
21. Rad1 Be6 22. Qg3 h5 23. Nf3 Qh6 24. Nh4 g5 25. Ng6 Rf7 26. Qd6 Re8 27. Bb5
Rff8 28. Bxe8 Rxe8 29. Ne7+ Kf7 30. Nxd5 Bxd5 31. Qxd5+ Qe6 32. Qxb7+ Re7 33.
Qf3+ Kg7 34. Qc3+ Kg6 35. Rfe1 Qf7 36. Rd6+ Kh7 1-0

[Event "Druzynowe Mistrzostwa Polski Juniorow - I Liga"]
[Site "Ustron"]
[Date "2011-06-25"]
[Round "1.18"]
[White "Lapa, Aleksandra"]
[Black "Dwilewicz, Katarzyna"]
[Result "0-1"]
[WhiteTitle "I"]
[BlackTitle "I"]
[WhiteElo "1444"]
[BlackElo "1599"]

1. f4 d5 2. Nf3 Nf6 3. e3 e6 4. b3 Be7 5. Bb2 O-O 6. Be2 c5 7. O-O Nc6 8. Bb5 Qb6
9. Bxc6 bxc6 10. Ba3 Ba6 11. Re1 Rfe8 12. h3 Rad8 13. d4 c4 14. Bxe7 Rxe7 15.
Ne5 cxb3 16. cxb3 Rc7 17. Nd3 Ne4 18. Nf2 Nxf2 19. Kxf2 c5 20. dxc5 Rxc5 21. a3
d4 22. exd4 Rcd5 23. Kg3 Rxd4 24. Qc2 Rd3+ 25. Kh2 Rxb3 26. Rd1 Rxd1 27. Qxd1
Rd3 28. Qg4 h6 29. f5 exf5 30. Qxf5 Qd6+ 0-1

[Event "Druzynowe Mistrzostwa Polski Juniorow - I Liga"]
[Site "Ustron"]
[Date "2011-06-25"]
[Round "1.19"]
[White "Borawski, Jakub"]
[Black "Wandzik, Wojciech"]
[Result "0-1"]
[WhiteTitle "II+"]
[BlackTitle "k"]
[WhiteElo "1899"]
[BlackElo "2239"]

1. b3 d5 2. e3 Nf6 3. Bb2 c5 4. Bb5+ Nc6 5. f4 g6 6. Nf3 Bg7 7. Ne5 Qc7 8. c4 O-O
9. Bxc6 bxc6 10. Nc3 Nd7 11. Nxd7 Qxd7 12. Na4 Bxb2 13. Nxb2 Qd6 14. O-O Bf5 15.
Rc1 Rad8 16. d3 Rfe8 17. cxd5 cxd5 18. Qc2 Rc8 19. Kh1 c4 20. Qd2 cxd3 21. Nxd3
Qa6 22. Ne5 Be4 23. Qb2 Rc2 24. Qd4 Qe2 0-1

[Event "Druzynowe Mistrzostwa Polski Juniorow - I Liga"]
[Site "Ustron"]
[Date "2011-06-25"]
[Round "1.20"]
[White "Mroziak, Maciej"]
[Black "Zochowski, Kacper"]
[Result "1/2-1/2"]
[WhiteTitle "I++"]
[BlackTitle "I"]
[WhiteElo "2136"]
[BlackElo "1942"]

1. e4 c5 2. c3 Nf6 3. e5 Nd5 4. d4 cxd4 5. Nf3 Nc6 6. cxd4 d6 7. Bc4 Nb6 8. Bb3
dxe5 9. dxe5 Qxd1+ 10. Bxd1 Bf5 11. O-O e6 12. Nc3 Bb4 13. Bb3 Na5 14. Be3 Nac4
15. Bd4 O-O 16. Na4 Nxa4 17. Bxc4 Rfd8 18. Rac1 Be4 19. Rfd1 Rac8 20. h3 Bxf3
21. gxf3 h6 22. Bb3 Rxc1 23. Rxc1 Rxd4 24. Bxa4 Rd5 25. Rc8+ Bf8 26. Rb8 Rxe5
27. Rxb7 Bc5 28. Kf1 Bb6 29. Bc2 g6 30. Bd3 Rh5 31. b4 Rxh3 32. Kg2 Rh4 33. Be4
f5 34. Bc6 Rxb4 35. Be8 Rb2 36. Bxg6 Rxf2+ 37. Kg3 Rb2 38. Rd7 Re2 39. Re7 Rxa2
40. Rxe6 Bc7+ 41. f4 Ra3+ 42. Kf2 Bxf4 43. Bxf5 Kf7 44. Rc6 a5 45. Ra6 Ke7 46.
Re6+ Kd8 47. Rc6 h5 48. Rc4 Bg3+ 49. Kg2 h4 50. Bc2 Kd7 51. Ra4 Rxa4 52. Bxa4+
1/2-1/2

[Event "Druzynowe Mistrzostwa Polski Juniorow - I Liga"]
[Site "Ustron"]
[Date "2011-06-25"]
[Round "1.21"]
[White "Smolarczyk, Tomasz"]
[Black "Lizak, Jakub"]
[Result "0-1"]
[WhiteTitle "II"]
[BlackTitle "II+"]
[WhiteElo "1575"]
[BlackElo "1712"]

1. e4 e5 2. Nf3 d5 3. exd5 e4 4. Ne5 Bd6 5. d4 Nf6 6. Nc3 O-O 7. Be2 Nbd7 8. Nc4
Bb4 9. Bd2 Bxc3 10. Bxc3 Nxd5 11. Bd2 Qf6 12. c3 Qg6 13. Rg1 f5 14. Qc2 Kh8 15.
O-O-O f4 16. h3 b5 17. Na5 a6 18. Kb1 N7b6 19. h4 Bf5 20. h5 Qe6 21. Be1 Rae8
22. Nb3 Na4 23. g4 fxg3 24. fxg3 e3 25. Bd3 e2 26. Rd2 Bxd3 27. Qxd3 Qe3 28. Qxe3
Rxe3 29. Rg2 Rf1 30. Rgxe2 Rxe1+ 31. Rxe1 Rxe1+ 32. Kc2 Ne3+ 33. Kd3 Nc4 34. Rf2
Kg8 35. Kc2 Re3 36. h6 Ncxb2 37. hxg7 Kxg7 38. Nc5 Nxc5 39. dxc5 Na4 40. Rd2 Rxc3+
0-1

[Event "Druzynowe Mistrzostwa Polski Juniorow - I Liga"]
[Site "Ustron"]
[Date "2011-06-25"]
[Round "1.23"]
[White "Gorbacz, Dominika"]
[Black "Panczuk, Joanna"]
[Result "1-0"]
[WhiteTitle "II+"]
[BlackTitle "I"]
[WhiteElo "1620"]
[BlackElo "1679"]

1. e4 e6 2. d4 d5 3. Nc3 Bb4 4. Qd3 dxe4 5. Qxe4 Nf6 6. Qh4 c5 7. dxc5 Bxc3+ 8.
bxc3 Qc7 9. Bd3 Qxc5 10. Ne2 Nbd7 11. O-O Ne5 12. Be3 Qe7 13. Qg5 Nxd3 14. cxd3
b6 15. Bd4 O-O 16. Ng3 h6 17. Qe5 Ne8 18. f4 Qd6 19. Qh5 Bb7 20. Qg4 f6 21. Rae1
Nc7 22. Nh5 Qe7 23. Re3 Rf7 24. Rg3 Ne8 25. Qg6 Kh8 26. f5 e5 27. Be3 Nd6 28.
Rh3 Raf8 29. Ng3 Ne8 30. Rh4 Ba6 31. c4 Qd7 32. c5 Qe7 33. cxb6 axb6 34. Bxb6
Bxd3 35. Rc1 Qb7 36. Be3 Qe7 37. Bc5 Qc7 38. Be3 Qe7 39. Rc3 Ba6 40. Ne4 Qd7 41.
Rc1 Bc8 42. Rf1 Rg8 43. Rh3 Re7 44. Rg3 Qd5 45. Nc3 Qf7 46. Qg4 Rc7 47. Bd2 Rc4
48. Qe2 Nd6 49. Rgf3 Bb7 50. Rd3 Ne4 51. Nxe4 Rxe4 52. Re3 Qxa2 53. Rxe4 Bxe4
54. Qxe4 Qxd2 55. Qe1 Rd8 56. Qf2 Kg8 57. Qb6 Qd4+ 58. Qxd4 Rxd4 59. g3 Kf7 60.
Kf2 Rd2+ 61. Kg1 g6 62. fxg6+ Kxg6 63. Rc1 Kg5 64. Rc4 f5 65. Rb4 e4 66. h3 Rd1+
67. Kg2 Rd2+ 68. Kg1 Re2 69. Rb8 Ra2 70. Rg8+ Kf6 71. Rh8 Kg7 72. Re8 Ra6 73.
Kf2 Kf7 74. Re5 Kf6 75. Re8 Re6 76. Rf8+ Ke5 77. Rd8 Rd6 78. Re8+ Kd4 79. Rf8
Rd5 80. Rf6 Kd3 81. Rxh6 Kd2 82. Re6 Rd3 83. h4 Rf3+ 84. Kg2 Ke2 85. Kh3 Kf2 86.
Rg6 e3 87. Rg7 1-0

[Event "Druzynowe Mistrzostwa Polski Juniorow - I Liga"]
[Site "Ustron"]
[Date "2011-06-25"]
[Round "1.25"]
[White "Duda, Jan-krzysztof"]
[Black "Zmarzly, Aleksandra"]
[Result "1-0"]
[WhiteTitle "FM"]
[BlackTitle "k+"]
[WhiteElo "2295"]
[BlackElo "2091"]

1. e4 c5 2. Nf3 d6 3. d4 cxd4 4. Nxd4 Nf6 5. Nc3 a6 6. Be2 e6 7. O-O Be7 8. a4
O-O 9. f4 Qc7 10. Be3 Nc6 11. Kh1 Re8 12. Qe1 Nxd4 13. Bxd4 e5 14. Be3 b6 15.
Qf2 Bd8 16. f5 Bb7 17. Bf3 d5 18. exd5 e4 19. Be2 Nxd5 20. Nxd5 Bxd5 21. c4 Bc6
22. Ra3 Qb7 23. Bd4 f6 24. Rh3 Qe7 25. Qh4 h6 26. Qg4 Kf8 27. Be3 Qf7 28. Qh4
Re7 29. Bxh6 gxh6 30. Rg3 Qh7 31. Qxf6+ Rf7 32. Qxc6 Raa7 33. Qd6+ 1-0

[Event "Druzynowe Mistrzostwa Polski Juniorow - I Liga"]
[Site "Ustron"]
[Date "2011-06-25"]
[Round "1.26"]
[White "Malec, Robert"]
[Black "Sleczka, Bartosz"]
[Result "1/2-1/2"]
[WhiteTitle "I"]
[BlackTitle "I"]
[WhiteElo "1830"]
[BlackElo "1895"]

1. e4 e5 2. Nf3 Nc6 3. Bc4 Bc5 4. c3 Nf6 5. d4 exd4 6. O-O Nxe4 7. cxd4 Be7 8.
d5 Nb4 9. a3 Na6 10. Bxa6 bxa6 11. Re1 Nd6 12. Qe2 f6 13. Nc3 Kf7 14. Bf4 Re8
15. Qd3 g6 16. Rac1 Rb8 17. Na4 Nb5 18. Bxc7 Nxc7 19. d6 Ne6 20. dxe7 Rxe7 21.
b4 Bb7 22. Red1 Bc6 23. Nc5 Bb5 24. Nxe6 Rxe6 25. Qd4 Qb6 26. Qh4 Kg7 27. Nd4
Re5 28. Nxb5 Qxb5 29. Qd4 Rb7 30. Rc8 Qe2 31. g3 d5 32. Rd8 Rbe7 33. Rxd5 Rxd5
34. Qxd5 Qb2 1/2-1/2

[Event "Druzynowe Mistrzostwa Polski Juniorow - I Liga"]
[Site "Ustron"]
[Date "2011-06-25"]
[Round "1.27"]
[White "Bus, Konrad"]
[Black "Terochin, Piotr"]
[Result "1/2-1/2"]
[WhiteTitle "I"]
[BlackTitle "II"]
[WhiteElo "1854"]
[BlackElo "1704"]

1. d4 d5 2. c4 c6 3. Nf3 Nf6 4. Nc3 a6 5. a4 e6 6. e3 Bd6 7. Bd3 O-O 8. O-O Nbd7
9. Qc2 e5 10. cxd5 cxd5 11. dxe5 Nxe5 12. Nxe5 Bxe5 13. f4 Bc7 14. e4 Bb6+ 15.
Kh1 dxe4 16. Nxe4 h6 17. b3 Bd4 18. Ba3 Bxa1 19. Bxf8 Qxf8 20. Rxa1 Nd5 21. Qf2
Bd7 22. Bc4 Bc6 23. Qg3 Kh8 24. Rd1 Nb6 25. Nd6 Nxc4 26. Nxc4 Rd8 27. Qe1 Rxd1
28. Qxd1 Qb4 29. h3 Qc3 30. Qg4 Qxb3 31. Qc8+ Kh7 32. Qf5+ Kg8 33. Qc8+ 1/2-1/2

[Event "Druzynowe Mistrzostwa Polski Juniorow - I Liga"]
[Site "Ustron"]
[Date "2011-06-25"]
[Round "1.28"]
[White "Krawiec, Grzegorz"]
[Black "Kyc, Jerzy"]
[Result "0-1"]
[WhiteTitle "II"]
[BlackTitle "II"]
[WhiteElo "1625"]
[BlackElo "1628"]

1. e4 c5 2. Nf3 d6 3. d4 cxd4 4. Nxd4 Nf6 5. Nc3 g6 6. f4 Nc6 7. Be3 Bd7 8. Be2
Bg7 9. Nb3 O-O 10. O-O Rc8 11. Qe1 a6 12. a3 Na5 13. Nxa5 Qxa5 14. Bd3 Ng4 15.
Bd2 Qb6+ 16. Kh1 Qxb2 17. Nd5 Qxa1 18. Nxe7+ Kh8 19. Qxa1 Bxa1 20. Nxc8 Bd4 21.
h3 Nf2+ 22. Rxf2 Bxf2 23. Bc3+ f6 24. Nxd6 b5 25. e5 fxe5 26. Bxe5+ Kg8 27. Be4
Be6 28. Bb7 Bc5 29. Ne4 Bxa3 30. Bxa6 Bc4 31. Nf6+ Kf7 32. Nxh7 Rd8 33. Ng5+ Kg8
34. Ne4 Rd1+ 35. Kh2 Rc1 36. c3 Rc2 37. Kg3 Bf1 38. Bb7 Rxg2+ 39. Kh4 Rh2 40.
Kg5 Rg2+ 41. Kh6 Bf8+ 0-1